000 01024nam a22002175i 4500
001 167238
003 ES-MaACL
005 20250729014428.0
008 030623s1861 sp |||| | spa d
080 _a347.78
100 1 _aAledo, Vergara y Pérez de Aranda, Mariano,
_cMarqués de,
_d1833-1912
_9141529
245 1 0 _aDe la propiedad literaria :
_bdiscurso leído en el acto de recibir la investidura de doctor en la Facultad de Derecho, sección de Derecho Administrativo /
_cpor Mariano Vergara.
260 _aMadrid :
_b[s.n.],
_c1861 (
_fImp. de Miguel Archas y Sánchez)
300 _a87 p. ;
_c25 cm.
530 _aDisponible en formato digital.
650 7 _aPropiedad intelectual
_2embne
_916488
710 2 _aUniversidad Central (Madrid).
_bFacultad de Derecho.
_97090
852 4 _aES-MaACL
_jT-66-F-3
_z- Enc. hol., falto de cub. original
_z- Enc. en un vol. facticio
856 4 _uhttp://bdh-rd.bne.es/viewer.vm?id=0000144420&page=1
_zBiblioteca Digital Hispánica
999 _c167238
_d167238